Game of Thrones, The Walking Dead ou les deux - Statistiques

Statistiques générales
  • Ce quiz a été pris 1 581 fois
  • Le résultat moyen est 9 sur 10
Statistiques - réponses
Question Réponse % Correct
Tyrion Lannister Game of Thrones
100%
Royaume des Sept Couronnes Game of Thrones
100%
Beaucoup de morts Les deux
98%
Negan The Walking Dead
98%
Rick Grimes The Walking Dead
97%
Au moins 7 saisons Les deux
95%
Alexandria The Walking Dead
94%
Série adaptée d'un roman ou d'une bande dessinée Les deux
91%
Le Mur Game of Thrones
89%
Ils boivent beaucoup de vin Game of Thrones
78%
Aucun quiz correspondant
Distribution des résultats
% des personnes avec chaque résultat
Percentile par nombre de réponses
Votre historique - résultats
Vous n’avez pas pris ce quiz